02702nab a2200265uuc4500001000800000005001700008008004100025035001200066040001300078041000800091100004300099245015700142520167500299650002501974650003701999650003402036650002402070650001402094700004802108700003802156700004502194700005202239700003702291773010802328144221420240202123538.0160531e20150305 spa  a1442214 ccomduadb aspa10aConde Osorio, Andrea Marcela4auteaut10aEvaluación de la sensibilidad a insecticidas en poblaciones de Aedes aegypti (Diptera: Culicidae) del departamento de Caldas, Colombia, en 2007 y 20113 aIntroducción. El uso continuo de insecticidas para el control de la transmisión del dengue puede generar una reducción en los niveles de sensibilidad de las poblaciones de los mosquitos vectores. La vigilancia oportuna es necesaria para detectar cualquier problema potencial de resistencia. Objetivo. Determinar el estado de la sensibilidad a insecticidas de uso en salud pública en poblaciones de Aedes aegypti del departamento de Caldas, Colombia, en el 2007 y el 2011. Materiales y métodos. Se realizaron pruebas de sensibilidad a los organofosforados temefós, malatión, fenitrotión y metil-pirimifós y al piretroide deltametrina, siguiendo las metodologías estandarizadas de la Organización Mundial de la Salud y de los Centers for Disease Control and Prevention de los Estados Unidos. Resultados. En el 2007 se encontró resistencia al temefós en dos barrios del municipio de La Dorada, con grados de resistencia de 11,5 y 13,3. Por ello, la Dirección Territorial de Salud de Caldas suspendió el uso de este larvicida en dichos barrios. Cuatro años después, en el 2011, se observó una reducción en los grados de resistencia al temefós, así como resistencia al metil-pirimifós. Todas las poblaciones evaluadas fueron sensibles a los insecticidas deltametrina, malatión y fenitrotión en los dos períodos. Conclusión. La cuantificación de los grados de resistencia en dos períodos permitió evidenciar la reducción de la resistencia al temefós después de suspender su uso. Se recomienda mantener la vigilancia de los niveles de sensibilidad de los insecticidas usados en los programas de control de dengue. 7aAedes aegypti2embne 7aResistencia a insecticidas2lemb aInsecticidas organofosforados aControl de vectores aTemefós10aOrjuela González, Lorena Isabel4auteaut10aHerrera Varela, Manuela4auteaut10aQuiñones Pinzón, Martha L.4auteaut10aCastellanos Balbuena, César Augusto4auteaut10aLicastro, Susana A. de4auteaut0 tBiomédica (Bogotá)gVolumen 35, Número 01, Marzo 2015, páginas 43-52w317894x0120-41570101744